[Event "SWE-chB1"]
[Site "Linkoping"]
[Date "1996.??.??"]
[Round "?"]
[White "Zetterberg, Staffan"]
[Black "Wikstrom, Per"]
[Result "1/2-1/2"]
[WhiteElo "2210"]
[BlackElo "2130"]

1.c4 c6 2.Nf3 d5 3.b3 Bf5 4.Bb2 e6 5.g3 Nf6 6.Bg2 Nbd7 7.O-O Bd6 8.d3 Qc7
9.Nbd2 Rd8 10.e4 dxe4 11.Nxe4 Bxe4 12.dxe4 e5 13.Qe2 O-O 14.Bc3  1/2-1/2

[Event "Lisboa VI Finalissima"]
[Site "Lisboa"]
[Date "1996.??.??"]
[Round "1"]
[White "Gaspar, Artur"]
[Black "Dias, Paulo"]
[Result "1-0"]
[WhiteElo "2245"]
[BlackElo "2000"]

1.c4 c6 2.e4 e5 3.Nc3 d6 4.Nf3 Nd7 5.Be2 g6 6.O-O Bg7 7.d4 Ne7 8.dxe5 dxe5
9.Be3 O-O 10.Qc2 h6 11.Rad1 Qe8 12.Nd2 f5 13.f3 f4 14.Bf2 g5 15.c5 h5 16.Nc4 Qg6
17.Nd6 Nf6 18.Nxc8 Rfxc8 19.Qb3+ Kh7 20.Qxb7 Re8 21.Rd2 Bf8 22.Rfd1 Qg7 23.a3 Reb8
24.Qc7 Ne8 25.Qd7 Nf6 26.Qe6 Ng6 27.Qxc6 Rc8 28.Qb5 Rab8 29.Qc4 g4 30.b4 g3
31.hxg3 Be7 32.Nd5 Nxd5 33.exd5 fxg3 34.Bxg3 h4 35.Bh2 Nf4 36.Bxf4 exf4 37.Qxf4 h3
38.Qf5+  1-0

[Event "Lisboa Masters"]
[Site "Lisboa"]
[Date "1996.??.??"]
[Round "4"]
[White "Galego, Luis"]
[Black "Santos, Jose P"]
[Result "1/2-1/2"]
[WhiteElo "2445"]
[BlackElo "2355"]

1.c4 c6 2.Nc3 d5 3.cxd5 cxd5 4.d4 Nf6 5.Bf4 e6 6.e3 Nc6 7.Nf3 Bd6 8.Bb5 Bxf4
9.exf4 Qd6 10.Ne5 O-O 11.O-O Bd7 12.Rc1  1/2-1/2

[Event "Ljubljana op"]
[Site "Ljubljana"]
[Date "1996.??.??"]
[Round "5"]
[White "Ivacic, Vladimir"]
[Black "Bozic, Marjan"]
[Result "1/2-1/2"]
[WhiteElo "2285"]
[BlackElo "2055"]

1.c4 c6 2.Nf3 d5 3.b3 Nf6 4.Bb2 Bf5 5.d3 e6 6.g3 Nbd7 7.Bg2 Be7 8.O-O O-O
9.Nh4 Bg4 10.h3 Bh5 11.g4 Ne8 12.cxd5 exd5 13.Nf5 Bg6 14.Nxe7+ Qxe7 15.Ba3 Nd6
16.Nc3 Rfe8 17.e3 Qe6 18.Ne2 Nb5 19.Bb2 f5 20.Nf4 Qe7 21.a4 Nc7 22.Rc1 Qg5
23.b4 Ne6 24.Nxg6 Qxg6 25.b5 fxg4 26.Qxg4 Qxg4 27.hxg4 Rac8 28.bxc6 bxc6
29.d4 Nb6 30.a5 Nc4 31.Bc3 Ng5 32.Rfd1 Ne4 33.Rd3 Rb8 34.Be1 Ned6 35.Rdd1 Ne4
36.Rb1 Nb2 37.Rdc1 Nd3 38.Rd1 Nb2  1/2-1/2

[Event "DEN-chJ"]
[Site "Lyngby"]
[Date "1996.??.??"]
[Round "4"]
[White "Cole, Roland"]
[Black "Hoogendoorn, Joost"]
[Result "1/2-1/2"]
[WhiteElo "2215"]
[BlackElo "2345"]

1.c4 c6 2.Nc3 d5 3.d4 e5 4.dxe5 d4 5.Ne4 Qa5+ 6.Nd2 Nd7 7.Nf3 Nxe5 8.Nxd4 Nxc4
9.Nb3 Qb4 10.a3 Qa4 11.Nxc4 Qxc4 12.e3 Qh4 13.Qd4 Qxd4 14.Nxd4 Bc5 15.Bc4 Nf6
16.Nb3 Bb6  1/2-1/2

[Event "DEN-chJ"]
[Site "Lyngby"]
[Date "1996.??.??"]
[Round "6"]
[White "Keller, Thomas"]
[Black "De Wachter, Matthias"]
[Result "0-1"]
[WhiteElo "2155"]
[BlackElo "2170"]

1.c4 c6 2.e4 d5 3.exd5 cxd5 4.d4 Nf6 5.Nc3 Nc6 6.Bg5 Be6 7.Bxf6 gxf6 8.Nf3 Qd7
9.Be2 O-O-O 10.O-O Rg8 11.c5 Bh3 12.Ne1 Bxg2  0-1

[Event "DEN-chJ"]
[Site "Lyngby"]
[Date "1996.??.??"]
[Round "8"]
[White "Keller, Thomas"]
[Black "El Kher, Henrik"]
[Result "1/2-1/2"]
[WhiteElo "2155"]
[BlackElo "2200"]

1.c4 c6 2.Nf3 d5 3.b3 Bg4 4.g3 Bxf3 5.exf3 Nf6 6.Bg2 e6 7.O-O Be7 8.Bb2 O-O
9.f4 Nbd7 10.Qc2 Qb6 11.d3 a5 12.Nc3 Rfd8 13.Rad1 Qa6 14.Rfe1 Bf8 15.Bf1 Rac8
16.d4 Qa7 17.f5 exf5 18.Qxf5 Bb4 19.Re3 Bxc3 20.Bxc3 Ne4 21.Bb2 Ndf6 22.c5 h6
23.Rde1 Qb8 24.Bc1 g6 25.Qh3 h5 26.Qh4 Nh7 27.Bd3 Nef6 28.Re7 Rc7 29.Bf4 Rxe7
30.Rxe7 Qc8 31.Bg5 Nxg5 32.Qxg5 Ne4 33.Bxe4 dxe4 34.Qf6 Qf5 35.Rxf7 Qxf6
36.Rxf6 Kg7 37.Re6 Rxd4 38.Re7+ Kf6 39.Rxb7 Rd5 40.b4 axb4 41.Rxb4 Ke5 42.Rc4 Rd1+
43.Kg2 Rd2 44.Ra4 e3 45.Kf3 exf2 46.Kg2 f1=Q+ 47.Kxf1 Rxh2 48.Ra8 Rc2 49.a4 Ke4
50.a5 Kf3 51.Ke1 Rxc5 52.a6 Re5+ 53.Kd2 Kxg3  1/2-1/2

[Event "Asia-ch Boys"]
[Site "Macau"]
[Date "1996.??.??"]
[Round "?"]
[White "Curtis, Ry"]
[Black "Abdulla, Al Rakib"]
[Result "1-0"]
[WhiteElo "2045"]
[BlackElo "2195"]

1.c4 c6 2.Nc3 d5 3.cxd5 cxd5 4.d4 Nc6 5.Bf4 a6 6.e3 Nf6 7.Bd3 Bg4 8.Nf3 e6
9.Qb3 Bb4 10.O-O O-O 11.Ne5 Nxe5 12.Bxe5 Bd6 13.f4 b5 14.Rac1 Bxe5 15.fxe5 Nd7
16.Kh1 Qg5 17.e4 Qe3 18.Bb1 Qxd4 19.exd5 Nxe5 20.h3 Bh5 21.dxe6 Nc4 22.Nxb5 axb5
23.Qxb5 Be2 24.e7 Bxf1 25.exf8=Q+ Rxf8 26.Qf5 g6 27.Qxf1 Nxb2 28.Qg1 Qb4
29.Qe3 Rd8 30.a3 Qd4 31.Qe7 Nc4 32.Rxc4  1-0

[Event "Mar del Plata-ch"]
[Site "Mar del Plata"]
[Date "1996.??.??"]
[Round "9"]
[White "Corsi Ferrari, Alejandro"]
[Black "Fernandez, Jorge D"]
[Result "1-0"]
[WhiteElo "2160"]
[BlackElo "2190"]

1.c4 c6 2.Nc3 d5 3.e3 dxc4 4.Bxc4 Nf6 5.Nf3 e6 6.d4 Nbd7 7.O-O b5 8.Bd3 a6
9.e4 Bb7 10.e5 Nd5 11.Ne4 c5 12.Bg5 Qb6 13.a4 c4 14.Bb1 b4 15.a5 Qc6 16.Qe2 h6
17.Bd2 c3 18.bxc3 bxc3 19.Rc1 Bb4 20.Bxc3 Bxc3 21.Ra3 Rc8 22.Nxc3 Nf4 23.Qe3 g5
24.Be4 Qc7 25.Re1 Bxe4 26.Nxe4 Rb8 27.h4 Nd5 28.Qe2 g4 29.Nfd2 Rg8 30.Qxa6 Qd8
31.Nd6+ Kf8 32.g3 Rb2 33.Qd3 Nf4 34.gxf4 g3 35.fxg3 Qxh4 36.Nf1 Qxf4 37.Qe3 Qg4
38.Qe4 Qh3 39.Qf3 f5 40.Re2 Rb1 41.Rg2 Ke7 42.Rb3 Rxb3 43.Qxb3 Qg4 44.Qe3 Qd1
45.Rd2 Qa1 46.Qxh6 Rxg3+ 47.Kf2 Rg4 48.Qh7+ Kd8 49.Qh8+  1-0

[Event "Maribor"]
[Site "Maribor"]
[Date "1996.??.??"]
[Round "?"]
[White "Gostisa, Leon"]
[Black "Pavasovic, Dusko"]
[Result "1/2-1/2"]
[WhiteElo "2425"]
[BlackElo "2425"]

1.c4 c6 2.e4 e5 3.Nf3 Nf6 4.Nc3 d6 5.d4 Nbd7 6.Be2 Be7 7.O-O Qc7 8.h3 Nf8
9.Be3 Ng6 10.Re1 O-O 11.Bf1 h6 12.Qd2 Nh7 13.Rad1 f5 14.exf5 Bxf5 15.Bd3 Qd7
16.dxe5 Nxe5 17.Nxe5 dxe5 18.Bxf5 Qxf5 19.Qd7 Bg5 20.Bc5 Rf7 21.Qxf5 Rxf5
22.g4 Rf4 23.Ne4 b6 24.Bb4 Bh4 25.Bd2 Rf3 26.Re3 Rf7 27.Be1 Raf8 28.Kg2 Rf4
29.Rd2 Ng5 30.Nxg5 Bxg5 31.Rc2 e4 32.Rce2 Bf6 33.b3 Re8 34.Rd2 c5 35.Rd7 Bd4
36.Re2 Rf7 37.Rxf7 Kxf7 38.Bd2 g5 39.Bc1 Kf6 40.Re1 Re7 41.Rh1 Ke5 42.h4 Rf7
43.Be3 Bxe3 44.fxe3 Rf3 45.hxg5 hxg5 46.Re1 a6 47.a4 Kd6 48.Re2 Kc6 49.Re1 b5
50.a5 b4  1/2-1/2

[Event "Wch U20"]
[Site "Medellin"]
[Date "1996.??.??"]
[Round "5"]
[White "Serafimov, Tervel"]
[Black "Moreda, Lucas"]
[Result "0-1"]
[WhiteElo "2155"]
[BlackElo "2285"]

1.c4 c6 2.Nf3 d5 3.cxd5 cxd5 4.d4 Nc6 5.Nc3 Nf6 6.Bf4 Bf5 7.Qb3 Qb6 8.Qxb6 axb6
9.Bc7 e6 10.Bxb6 Nb4 11.e3 Nc2+ 12.Kd2 Bb4 13.Rc1 Rxa2 14.Bb5+ Kf8 15.Bc5+ Kg8
16.Bd3 Na3 17.Bxf5 Nc4+ 18.Kd3 Bxc3 19.Kxc3 exf5 20.Ba3 Ne4+ 21.Kb3 Rxa3+
22.bxa3 Nxf2 23.Rhf1 Ng4 24.Rfe1 f6 25.h3 Nf2 26.Re2 Ne4 27.a4 Kf7 28.Ne1 Re8
29.Nd3 b6 30.Nb4 Ke6 31.Nd3 Rc8 32.Kb4 g5 33.Nb2 Ned6 34.g4 h5 35.gxf5+ Kxf5
36.e4+ Kg6 37.exd5 Ne3 38.Rxc8 Nxd5+ 39.Kb3 Nxc8 40.Nd3 g4 41.hxg4 hxg4 42.Kc4 Nc7
43.d5 Nd6+ 44.Kd4 Nf5+ 45.Kc4 Nd6+ 46.Kd4 Nf5+ 47.Kc4 g3 48.Nf4+ Kg5 49.Ne6+ Nxe6
50.dxe6 Ne7 51.a5 bxa5 52.Kc5 f5 53.Kd6 Kf6 54.Kd7 f4 55.Rg2 a4 56.Rg1 Ng6
57.Kd6 Ne7 58.Kd7 a3 59.Rg2 Nf5 60.Rc2 f3 61.Rc6 Kg5 62.Rc5 a2 63.e7 a1=Q
64.e8=Q Qd4+ 65.Kc6 Qa4+  0-1

[Event "Metz op"]
[Site "Metz"]
[Date "1996.??.??"]
[Round "?"]
[White "Lerner, Konstantin Z"]
[Black "Ragozin, Evgeni"]
[Result "1/2-1/2"]
[WhiteElo "2595"]
[BlackElo "2475"]

1.c4 c6 2.d4 d5 3.Nf3 Nf6 4.Nc3 a6 5.h3 dxc4 6.a4 e6 7.e3 b6 8.Bxc4 Bb7 9.O-O Be7
10.Qe2 Nbd7 11.e4 b5 12.Bd3 b4 13.e5 bxc3 14.exf6 Nxf6 15.bxc3 c5 16.Rb1 Bxf3
17.Qxf3 Qd5 18.Qe2 Qc6 19.Bg5 Nd5 20.Bxe7 Kxe7 21.Qf3 Rhc8 22.dxc5 Nf6 23.Be2 Qxa4
24.Qg3 Kf8 25.Bf3 Nd5 26.Rb7 Qc6 27.Rbb1 Qxc5 28.c4 Nf6 29.Rb6 Ra7 30.Bb7 Rd8
31.Bxa6 Ne4 32.Qf4 Nf6 33.Rb8 Rd7 34.Bb5 Rd4 35.Rxd8+ Rxd8 36.Re1 Ke7 37.g4 g5
38.Qf3 Rd2 39.Re2 Rxe2 40.Qxe2 h6 41.Qf3 e5 42.Kf1  1/2-1/2

[Event "BLR-ch Minsk"]
[Site "Minsk"]
[Date "1996.??.??"]
[Round "3"]
[White "Smirnov, Valerij"]
[Black "Korneevets, Alexander"]
[Result "1-0"]
[WhiteElo "2395"]
[BlackElo "2325"]

1.c4 c6 2.e4 Qa5 3.Nc3 Nf6 4.f4 d6 5.a3 e5 6.b4 Qc7 7.Nf3 a5 8.Rb1 axb4 9.axb4 Be7
10.d4 Bg4 11.Be2 Nbd7 12.O-O O-O 13.Kh1 Rfd8 14.h3 Bxf3 15.Bxf3 Nb6 16.Qb3 exd4
17.Ne2 d3 18.Qxd3 d5 19.exd5 cxd5 20.c5 Nc4 21.Nc3 b6 22.Nxd5 Nxd5 23.Qxc4  1-0

[Event "Minsk op"]
[Site "Minsk"]
[Date "1996.??.??"]
[Round "4"]
[White "Drogoon, A."]
[Black "Koutsin, Sergey"]
[Result "1/2-1/2"]
[WhiteElo "2370"]
[BlackElo "2435"]

1.c4 c6 2.Nf3 d5 3.d4 e6 4.e3 f5 5.Bd3 Nf6 6.O-O Bd6 7.b3 Qe7 8.a4 a5 9.Ba3 Bxa3
10.Nxa3 O-O 11.Ne5 Nbd7 12.Nc2 Kh8 13.f4 Nxe5 14.dxe5 Nd7 15.cxd5 exd5 16.Nd4 Nc5
17.Rc1 g6 18.Be2 Bd7 19.Bf3 Ne6 20.Rf2 Qb4 21.Rd2 Rfd8 22.h3 Qe7 23.Qc2 Nxd4
24.Rxd4 Be6 25.Qc5 Qxc5 26.Rxc5 Kg8 27.b4 axb4 28.Rxb4 Rd7 29.a5 Kf7 30.Be2 Re7
31.Rb6 Ke8 32.Kf2 Kd7 33.Ke1 Ra7 34.Kd2 Re8 35.a6 Kc7 36.Rxb7+ Rxb7 37.axb7 Kxb7
38.Ra5 Ra8 39.Rxa8 Kxa8 40.g4 Kb7 41.g5 Kb6 42.Kc3 Kc5 43.h4 Bf7 44.Ba6 Be6
45.Bd3 Bd7 46.Kb3 Be6 47.Kc3 Bd7 48.Bb1 Be6 49.Ba2 Bf7 50.Bb3 Be6 51.Bd1 Bf7
52.Be2 Be8 53.Bf3  1/2-1/2

[Event "Amber-blind 5th"]
[Site "Monte Carlo"]
[Date "1996.??.??"]
[Round "10"]
[White "Ljubojevic, Ljubomir"]
[Black "Ivanchuk, Vassily"]
[Result "0-1"]
[WhiteElo "2600"]
[BlackElo "2735"]

1.c4 c6 2.e4 d5 3.exd5 Nf6 4.Nc3 cxd5 5.d4 e6 6.Nf3 Bb4 7.Bd3 dxc4 8.Bxc4 O-O
9.O-O b6 10.Bg5 Bb7 11.Qe2 Bxc3 12.bxc3 Nbd7 13.Rac1 Qc7 14.Bd3 Ng4 15.Be4 Bxe4
16.Qxe4 Ngf6 17.Qe2 h6 18.Bd2 Qc6 19.c4 Rfc8 20.Rfe1 Qa4 21.Bf4 Rc6 22.Ne5 Nxe5
23.Bxe5 Nd7 24.Rc3 Qa5 25.Re3 Rac8 26.d5 Rxc4 27.dxe6 fxe6 28.Bb2 Rc2 29.Qg4 Rxb2
30.Qxe6+ Kh8 31.Qxd7 Rf8 32.R3e2 Qxa2 33.Qe7 Kg8 34.h3 Rxe2 35.Rxe2 Qd5 36.Kh2 Rf7
37.Qe8+ Kh7 38.Qe3 Rd7 39.g3 b5 40.Qc3 Qd3 41.Qb2 a6 42.Re3 Qf5 43.Kg2 Rf7
44.Qe2 Qd5+ 45.Kg1 Rc7 46.Kh2 Rc1 47.Re4 Qd1 48.Qxd1 Rxd1 49.Re6 a5 50.Rb6 Rb1
51.g4 a4 52.Kg3 a3 53.Ra6 b4 54.f4 b3 55.Rxa3 b2  0-1

[Event "Moscow GM2"]
[Site "Moscow"]
[Date "1996.??.??"]
[Round "?"]
[White "Dragomarezkij, Evgeni"]
[Black "Ivanov, Victor L"]
[Result "1-0"]
[WhiteElo "2455"]
[BlackElo "2450"]

1.c4 c6 2.Nf3 Nf6 3.e3 g6 4.Nc3 Bg7 5.d4 O-O 6.Be2 d6 7.O-O Nbd7 8.e4 e5
9.d5 c5 10.Ne1 Ne8 11.Kh1 f5 12.exf5 gxf5 13.f4 Kh8 14.Be3 Qe7 15.Qd2 Nef6
16.fxe5 Nxe5 17.Nc2 Bd7 18.Rae1 Rae8 19.h3 Rg8 20.b3 Qf7 21.Rf2 Qg6 22.Ref1 Ref8
23.Bf4 Nh5 24.Bxh5 Qxh5 25.Ne3 Rf6 26.Ne2 Ng4 27.Rf3 Nxe3 28.Rxe3 Rg6 29.Rf2 Qh4
30.Bg3 Qf6 31.Nf4  1-0

[Event "Moscow-A"]
[Site "Moscow"]
[Date "1996.??.??"]
[Round "?"]
[White "Kumaran, Dharshan"]
[Black "Belikov, Vladimir"]
[Result "1/2-1/2"]
[WhiteElo "2495"]
[BlackElo "2500"]

1.c4 c6 2.e4 e5 3.Nf3 d6 4.d4 Nd7 5.Nc3 Be7 6.Be2 Ngf6 7.O-O a6 8.a3 O-O
9.Re1 Re8 10.Bf1 b5 11.h3 Bb7 12.d5 cxd5 13.cxd5 Qb8 14.Be3 Rc8 15.Nd2 Bd8
16.Qb3 Nc5 17.Qa2 Bb6 18.Rac1 Rc7 19.b4 Ncd7 20.Bxb6 Nxb6 21.Qb2 Bc8 22.Nb3 Bd7
23.Na5 Qa7 24.Qd2 Rac8 25.Qe3  1/2-1/2

[Event "Moscow-B"]
[Site "Moscow"]
[Date "1996.??.??"]
[Round "?"]
[White "Leontiev, Aleksandr V"]
[Black "Seoev, Robert"]
[Result "1-0"]
[WhiteElo "2335"]
[BlackElo "2205"]

1.c4 c6 2.g3 d5 3.Bg2 Nf6 4.Nf3 g6 5.b3 Bg7 6.Bb2 O-O 7.O-O a5 8.d3 a4 9.b4 dxc4
10.dxc4 Qxd1 11.Rxd1 Be6 12.Nbd2 a3 13.Bc3 Ra4 14.Nd4 Bg4 15.h3 Bc8 16.Nc2 Nfd7
17.Bxg7 Kxg7 18.Nb1 Nb6 19.c5 Nc4 20.Rd3 Bf5 21.e4 Be6 22.Nc3 Ra8 23.f4 Nb2
24.Rd4 Na6 25.Nxa3 Nxc5 26.Nc2 Nca4 27.Nxa4 Nxa4 28.a3 Bb3 29.Rd2 Nb6 30.Nd4 Ba4
31.Bf1 Rfd8 32.Kf2 h5 33.Rc1 e6 34.Rc3 Kf6 35.Rcd3 Ke7 36.Nf3 Rxd3 37.Rxd3 Bc2
38.Re3 Rd8 39.Ne1 Rd2+ 40.Kg1 Bb1 41.Nf3 Rd1 42.Kf2 Nd7 43.Bc4 Nf6 44.Bb3 Rd8
45.Ng5 Rd2+ 46.Kf3 Bd3 47.g4 h4 48.f5 Nd7 49.Nxf7 Bf1 50.Kf4  1-0

[Event "Moscow-ch"]
[Site "Moscow"]
[Date "1996.??.??"]
[Round "2"]
[White "Abramov, AP."]
[Black "Zamanov, Ansar M"]
[Result "0-1"]
[WhiteElo "2110"]
[BlackElo "2390"]

1.c4 c6 2.e4 e5 3.Nc3 Bb4 4.g3 Nf6 5.Bg2 d6 6.d3 O-O 7.Ne2 Ba5 8.O-O Re8
9.b3 Nbd7 10.Bb2 a6 11.Qc2 Nf8 12.Rad1 Bg4 13.h3 Bxe2 14.Nxe2 c5 15.f4 Qe7
16.f5 b5 17.g4 h6 18.Rf3 Bd8 19.Bc1 N6h7 20.Be3 b4 21.Rdf1 Nd7 22.Kh2 a5
23.Rg3 Qf8 24.Ng1 Bh4 25.Nf3 Bxg3+ 26.Kxg3 a4 27.h4 axb3 28.axb3 Nhf6 29.g5 Nh5+
30.Kh2 Nf4 31.Rg1 h5 32.Bxf4 exf4 33.Bh3 Qe7 34.f6 Nxf6 35.gxf6 Qxf6 36.Bd7 Re7
37.Bc6 Ra3 38.Rg2 Rea7 39.Qb2 Qxb2 40.Rxb2 Ra2 41.Rxa2 Rxa2+ 42.Kg1 Rb2 43.Ba4 f6
44.Kf1 Kf7 45.Ke1 Rg2 46.Bc6 Rg3 47.Kf2 g5 48.Bd5+ Ke7 49.hxg5 fxg5 50.e5 g4
51.Nh4 dxe5 52.Nf5+ Kf6 53.Nxg3 fxg3+ 54.Kxg3 Kg5 55.Bb7 h4+ 56.Kf2  0-1

[Event "Moscow-ch"]
[Site "Moscow"]
[Date "1996.??.??"]
[Round "6"]
[White "Shuklin, Vadim V"]
[Black "Yagupov, Igor"]
[Result "0-1"]
[WhiteElo "2310"]
[BlackElo "2435"]

1.c4 c6 2.Nc3 d5 3.d4 Nf6 4.Nf3 e6 5.Bg5 h6 6.Bxf6 Qxf6 7.e3 Nd7 8.cxd5 exd5
9.Bd3 Bd6 10.O-O Qd8 11.e4 dxe4 12.Nxe4 Be7 13.Qe2 O-O 14.Rad1 Nb6 15.Nc5 Nd5
16.Bc4 Bxc5 17.dxc5 Qa5 18.Bxd5 cxd5 19.Rxd5 Be6 20.Re5 Qxa2 21.Re1 Rfd8
22.h3 a5 23.g4 Qb3 24.g5 Rd3 25.Nd2 Qc2 26.Rxe6 Rxd2 27.Re8+ Kh7 28.Qf3 Rxe8
29.Rxe8 Qxc5 30.gxh6 Qg5+ 31.Kh2 Qf6 32.hxg7 Rxf2+ 33.Kg1 Rxf3 34.g8=Q+ Kh6
35.Qf8+ Kh5 36.Qc5+ Qg5+ 37.Qxg5+ Kxg5 38.Re5+ Rf5 39.Re3 Rc5 40.Kf2 f5 41.Kf3 Rb5
42.b3 Rc5 43.Rd3 b5 44.Kg3 f4+ 45.Kf3 Kf5 46.b4 axb4 47.Rd4 Rc3+ 48.Kg2 Rc4
49.Rd5+ Ke4 50.Rxb5 Kd3 51.Kf3 Kc2  0-1

[Event "RUS-Cup2"]
[Site "Moscow"]
[Date "1996.??.??"]
[Round "7"]
[White "Elfert, Aleksandr V"]
[Black "Vinogradov, D."]
[Result "0-1"]
[WhiteElo "2175"]
[BlackElo "2320"]

1.c4 c6 2.Nf3 d5 3.e3 Nf6 4.Nc3 Nbd7 5.d4 e6 6.Bd3 dxc4 7.Bxc4 b5 8.Bd3 Bb7
9.O-O a6 10.b3 c5 11.Qe2 Be7 12.Bb2 O-O 13.Rad1 Qb6 14.Bb1 Rfd8 15.Rd2 cxd4
16.exd4 Nd5 17.Nxd5 Bxd5 18.h4 Nf6 19.Ne5 Rac8 20.g4 Nd7 21.f4 Ba8 22.g5 Qb7
23.d5 Bc5+ 24.Kh2 exd5 25.Bxh7+ Kf8 26.Nxf7 Kxf7 27.Re1 Qb6 28.f5 Qd6+ 29.Kh3 Kf8
30.Qh5 d4 31.Bg6 Bd5 32.Rde2 Qf4 33.Re4 Bxe4 34.Rxe4 Qxe4 35.Bc1 Qh1+ 36.Kg3 Bd6+
37.Kf2 Rc2+  0-1

[Event "Moscow Alekhine op"]
[Site "Moscow"]
[Date "1996.??.??"]
[Round "9"]
[White "Abramov, AP."]
[Black "Smougalev, Jeiennadi"]
[Result "1-0"]
[WhiteElo "2085"]
[BlackElo "2210"]

1.c4 c6 2.e4 d5 3.exd5 cxd5 4.cxd5 Nf6 5.Nc3 g6 6.Bc4 Bg7 7.d4 Nbd7 8.Bg5 Nb6
9.Bxf6 Bxf6 10.Bb3 O-O 11.Nge2 Bg4 12.f3 Bh4+ 13.Ng3 Bd7 14.O-O Bxg3 15.hxg3 a5
16.a3 a4 17.Ba2 Ra5 18.Qd3 Nc8 19.Rae1 Qb6 20.Rf2 Bb5 21.Qd2 Qa7 22.g4 Kg7
23.g3 h6 24.Kg2 b6 25.Qe3 Be8 26.Rh1 Rh8 27.Re2 f6 28.g5 hxg5 29.Rxh8 Kxh8
30.d6 e5 31.dxe5 Rxe5 32.Qd4 Bc6 33.Rxe5 fxe5 34.Qxe5+ Qg7 35.Qxg7+ Kxg7
36.Bd5 Bd7 37.Ne4 Na7 38.Kf2 g4 39.fxg4 Bc6 40.Bxc6 Nxc6 41.Nc3 Kf6 42.Nd5+ Ke6
43.Nxb6 Kxd6 44.Nxa4  1-0

[Event "JUG-chT"]
[Site "Niksic"]
[Date "1996.??.??"]
[Round "?"]
[White "Vujovic, Milorad"]
[Black "Laketic, Gojko"]
[Result "0-1"]
[WhiteElo "2310"]
[BlackElo "2445"]

1.c4 c6 2.Nf3 d5 3.e3 Nf6 4.b3 Bg4 5.Bb2 e6 6.Be2 Bd6 7.Nd4 Bxe2 8.Qxe2 O-O
9.cxd5 cxd5 10.Nb5 Be7 11.O-O Nc6 12.Nd4 Rc8 13.d3 Qa5 14.a3 Nd7 15.Qd1 Qb6
16.Nd2 Nce5 17.N2f3 Bf6 18.Nxe5 Nxe5 19.Qe2 Qa6 20.Rfd1 Rc7 21.f4 Nd7 22.b4 Qa4
23.e4 e5 24.fxe5 Bxe5 25.exd5 Re8 26.Kh1 Nf6 27.Qf3 Rc2 28.Nxc2 Bxb2 29.Ne3 Bxa1
30.Rxa1 Qb3 31.Nc4 Qc3 32.Rf1 Qd4 33.h3 Qxd5 34.Qxd5 Nxd5 35.Nd6 Re7 36.Rc1 g6
37.Nc8 Re2 38.Nxa7 Nf4 39.Rg1 Nxd3 40.Nb5 Ra2 41.Kh2 Nf4 42.h4 f5 43.Kh1 Ne2
44.Rd1 f4 45.Nd4 Ng3+ 46.Kh2 Kf7 47.Nf3 Ke7 48.Rc1 Kd6 49.Rd1+ Kc7 50.Ng5 Nf5
51.Ne6+ Kb6 52.Nxf4 Nxh4 53.Kh3 g5 54.Nd5+ Ka7 55.g3 Rxa3 56.Nc7 Kb6 57.Ne6 Nf5
58.Rg1 h6 59.Kg4 Nd6 60.Kh5 Nf5 61.g4 Rh3+ 62.Kg6 Ne3 63.Nf8 Rh4 64.Nd7+ Kc6
65.Nf6 Kb5 66.Rg3 Nf1 67.Rg2 Nh2 68.Kf5 Kc4 69.Ne4 Nf1 70.Rc2+ Kb3 71.Rc7 Ne3+
72.Ke5 Nxg4+ 73.Ke6  0-1

[Event "JUG-chT"]
[Site "Niksic"]
[Date "1996.??.??"]
[Round "?"]
[White "Bakic, Rados"]
[Black "Blagojevic, Dragisa"]
[Result "0-1"]
[WhiteElo "2445"]
[BlackElo "2475"]

1.c4 c6 2.d4 d5 3.cxd5 cxd5 4.Nc3 Nf6 5.Nf3 Nc6 6.Bf4 e6 7.e3 Nh5 8.Bg5 Qb6
9.Bb5 h6 10.Bh4 Bd7 11.O-O Bd6 12.Nd2 g6 13.e4 O-O 14.Nb3 dxe4 15.Be2 f5
16.Bxh5 gxh5 17.Qxh5 Kg7 18.Bg3 Bxg3 19.hxg3 Be8 20.Qh4 Nxd4 21.Nxd4 Qxd4
22.Qe7+ Bf7 23.Rad1 Qb6 24.Na4 Qc6 25.b3 Rfe8 26.Qa3 Rad8 27.Qb2+ Kg6 28.Rc1 Qd6
29.Nc5 b6 30.Na6 Rd7 31.a3 e3 32.Nb4 Qd2 33.Qa1 exf2+ 34.Rxf2 Qe3 35.Rc3 Qd4
36.Nc6 Qd6 37.Qe1 e5 38.g4 f4 39.Qe4+ Kg7 40.Rc1 Bd5 41.Qf5 Bxc6 42.g5 Re6
43.gxh6+ Rxh6  0-1

[Event "JUG-chT"]
[Site "Niksic"]
[Date "1996.??.??"]
[Round "?"]
[White "Cvetkovic, Srdjan"]
[Black "Ivanisevic, Ivan"]
[Result "1/2-1/2"]
[WhiteElo "2425"]
[BlackElo "2300"]

1.c4 c6 2.d4 d5 3.Nf3 Nf6 4.Nc3 e6 5.cxd5 exd5 6.Bg5 Bf5 7.Qb3 Qb6 8.Bxf6 gxf6
9.e3 Nd7 10.Be2 Be7 11.O-O O-O 12.Rfc1 Bg6 13.Ne1 Qxb3 14.axb3 Rfe8 15.h4 h6
16.g3 Bd6 17.h5 Bh7 18.Bd3 f5 19.Ng2 Nf6 20.Be2 Re7 21.Nf4 a6 22.Kg2 Ne4
23.Rd1 Kh8 24.Bf3 Rg8 25.Kf1 Rg5 26.Ke2 Re8 27.Rh1 Rgg8 28.Rhd1  1/2-1/2

[Event "Oberwart op"]
[Site "Oberwart"]
[Date "1996.??.??"]
[Round "3"]
[White "Hardicsay, Peter"]
[Black "Gaertner, Guntram"]
[Result "1/2-1/2"]
[WhiteElo "2395"]
[BlackElo "2380"]

1.c4 c6 2.d4 d5 3.Nf3 Nf6 4.Nc3 a6 5.e3 b5 6.cxd5 cxd5 7.Ne5 e6 8.Bd3 Be7
9.a3 O-O 10.f4 b4 11.axb4 Bxb4 12.O-O a5 13.Ne2 Ba6 14.Ng3 Bxd3  1/2-1/2

[Event "Oberwart op"]
[Site "Oberwart"]
[Date "1996.??.??"]
[Round "3"]
[White "Lerner, Konstantin Z"]
[Black "Lendwai, Reinhard"]
[Result "1-0"]
[WhiteElo "2580"]
[BlackElo "2370"]

1.c4 c6 2.d4 d5 3.Nf3 e6 4.Qc2 Nf6 5.g3 dxc4 6.Qxc4 b5 7.Qc2 Bb7 8.Bg2 Nbd7
9.O-O c5 10.Bg5 Rc8 11.dxc5 Bxc5 12.Qd3 a6 13.Nbd2 O-O 14.Nb3 Be7 15.Rfd1 h6
16.Be3 Be4 17.Qd4 Qc7 18.Rac1 Qb7 19.Na5 Qa8 20.b4 Rxc1 21.Rxc1 Rc8 22.Rxc8+ Qxc8
23.Ne1 Bxg2 24.Kxg2 e5 25.Qb2 Qa8+ 26.f3 Nd5 27.Bd2 e4 28.a3 exf3+ 29.exf3 Bf6
30.Qb3 N7b6 31.Qd3 Qe8 32.Nc2 Qe5 33.Bc1 Qc3 34.Qxc3 Bxc3 35.Kf2 Kf8 36.Ke2 Be5
37.Kd3 Ke8 38.Nb7 Bc7 39.Nc5 a5 40.bxa5 Nd7 41.Nxd7 Kxd7 42.Bd2 Bd6 43.Bb4 h5
44.Ke4 Ne7 45.Nd4 Nc6 46.Nxc6 Kxc6 47.Bxd6 Kxd6 48.Kd4 Kc6 49.f4 Kb7 50.Kc5 Ka6
51.Kb4  1-0

[Event "Oberwart op"]
[Site "Oberwart"]
[Date "1996.??.??"]
[Round "6"]
[White "Bawart, Markus"]
[Black "Schwab, Rene"]
[Result "1/2-1/2"]
[WhiteElo "2255"]
[BlackElo "2265"]

1.c4 c6 2.Nc3 e5 3.Nf3 d6 4.g3 Bg4 5.Bg2 f5 6.h3 Bxf3 7.Bxf3 e4 8.Bg2 Nf6
9.Qb3 Qb6 10.d3 exd3 11.exd3 Nbd7 12.Qc2 Kf7 13.O-O h5 14.Be3 Qc7 15.b4 a6
16.b5 Re8 17.bxc6 bxc6 18.d4 h4 19.Rae1 g6 20.Qa4 hxg3 21.fxg3 c5 22.Nd5 Nxd5
23.Bxd5+ Kg7 24.Kg2 Kh7 25.Qxa6 Bg7 26.dxc5 Nxc5 27.Qc6 Qa5 28.Qxd6 Rxe3
29.Rxe3 Qd2+ 30.Kf3 Ne4 31.Qe7 Re8 32.Qxe8 Ng5+ 33.Kf4 Qd4+ 34.Re4 fxe4 35.Kxg5 Qe3+
36.Kg4 Qe2+ 37.Kg5 Qe3+ 38.Kg4  1/2-1/2

[Event "Oberwart op"]
[Site "Oberwart"]
[Date "1996.??.??"]
[Round "8"]
[White "Stanec, Nikolaus"]
[Black "Tomcsanyi, Peter"]
[Result "1/2-1/2"]
[WhiteElo "2505"]
[BlackElo "2235"]

1.c4 c6 2.d4 d5 3.e3 Nf6 4.Nc3 g6 5.Nf3 Bg7 6.Qb3 O-O 7.Bd2 a6 8.Be2 dxc4
9.Bxc4 b5 10.Be2 c5 11.dxc5 Nbd7 12.Qa3 Rb8 13.b4 Nxc5 14.bxc5 b4 15.Qc1 bxc3
16.Bxc3 Ne4 17.Bxg7 Qa5+ 18.Kf1 Kxg7 19.c6 Bg4 20.h3  1/2-1/2

[Event "SLO-ch U16"]
[Site "Okroglo"]
[Date "1996.??.??"]
[Round "7"]
[White "Znuderl, M."]
[Black "Janzekovic, A."]
[Result "0-1"]
[WhiteElo "1955"]
[BlackElo "1860"]

1.c4 c6 2.g3 e6 3.Bg2 f5 4.Nc3 d5 5.cxd5 exd5 6.Nf3 Nf6 7.O-O Bd6 8.b3 Na6
9.Bb2 O-O 10.Rc1 Nb4 11.a3 Na6 12.b4 Bd7 13.d3 Nc7 14.Re1 Ng4 15.h3 Nf6 16.e4 fxe4
17.dxe4 Be7 18.e5 Nfe8 19.Ne2 a5 20.Qb3 axb4 21.axb4 Nb5 22.Ned4 Nec7 23.Bf1 Nxd4
24.Nxd4 Ne6 25.Kg2 Qb6 26.Qd3 Qxb4 27.Rb1 Qa5 28.Bc3 Qc7 29.Nf5 Nf4+ 30.gxf4 Bxf5
31.Qg3 Bxb1 32.Rxb1 Ra3 33.Kh2 d4 34.Bc4+ Kh8 35.Rg1 Bc5 36.Qg5 Rxc3 37.Be6 Qe7
38.Qg4 Rxf4 39.Qxf4 Qxe6 40.Ra1 Qxh3+ 41.Kg1 Qc8 42.e6 h6 43.Qe5 Ra3 44.Rd1 Qf8
45.Re1 d3 46.e7 Qe8 47.Kh1 Qh5+ 48.Kg2 Bxe7 49.Qxe7  0-1

[Event "RUS-Cup3"]
[Site "Omsk"]
[Date "1996.??.??"]
[Round "6"]
[White "Vaulin, Alexander"]
[Black "Mukhametov, Eldar"]
[Result "1-0"]
[WhiteElo "2485"]
[BlackElo "2485"]

1.c4 c6 2.d4 d5 3.Nf3 Nf6 4.Nbd2 Bf5 5.g3 e6 6.Bg2 h6 7.O-O Nbd7 8.b3 Bd6
9.Bb2 O-O 10.a3 a5 11.c5 Bc7 12.b4 a4 13.Re1 Ne4 14.Nxe4 Bxe4 15.Bf1 Bh7
16.e3 Re8 17.Rc1 e5 18.Nxe5 Nxe5 19.dxe5 Bxe5 20.Bxe5 Rxe5 21.Qd4 Re4 22.Qb2 Qd7
23.Red1 Rae8 24.Rd4 Rxd4 25.Qxd4 Be4 26.Be2 Qh3 27.f3 Bg6 28.Bf1 Qf5 29.Kf2 Qd7
30.e4 Rd8 31.Rd1 Qe7 32.Bc4 Re8 33.exd5 cxd5 34.Bb5 Rd8 35.Re1 Qg5 36.Bxa4 Ra8
37.b5 Qh5 38.h4 Bf5 39.Re5 Qg6 40.Rxd5 Qe6 41.Qe5 Qxe5 42.Rxe5 Bd3 43.b6 Rxa4
44.Re8+ Kh7 45.c6  1-0

[Event "RUS-chT"]
[Site "Orel"]
[Date "1996.??.??"]
[Round "?"]
[White "Ragozin, Evgeni"]
[Black "Filipenko, Alexander V"]
[Result "1/2-1/2"]
[WhiteElo "2475"]
[BlackElo "2425"]

1.c4 c6 2.e4 d5 3.exd5 cxd5 4.d4 Nf6 5.Nc3 Nc6 6.Bg5 e6 7.c5 Bd7 8.Bb5 b6
9.cxb6 Qxb6 10.Bxf6 gxf6 11.Nge2 a6 12.Bxc6 Bxc6 13.Rb1 h5 14.O-O Bd6 15.Kh1  1/2-1/2

[Event "ESP-chT"]
[Site "Oropesa del Mar"]
[Date "1996.??.??"]
[Round "9"]
[White "Gulko, Boris F"]
[Black "Rogers, Ian"]
[Result "1/2-1/2"]
[WhiteElo "2615"]
[BlackElo "2575"]

1.c4 c6 2.e4 d5 3.exd5 cxd5 4.d4 Nf6 5.Nc3 Nc6 6.Bg5 Be6 7.Be2 Qa5 8.Bf3 Rd8
9.Bxf6 exf6 10.cxd5 Bxd5 11.Bxd5 Rxd5 12.Nf3 Bb4 13.Qe2+ Kd8  1/2-1/2